High-Performance VLSI Signal Processing Innovative Architectures And Algorithms Vol.2 (Record no. 321186)
[ view plain ]
| 000 -LEADER | |
|---|---|
| fixed length control field | 00510nam a2200157Ia 4500 |
| 008 - FIXED-LENGTH DATA ELEMENTS--GENERAL INFORMATION | |
| fixed length control field | 230718s9999 xx 000 0 und d |
| 041 ## - LANGUAGE CODE | |
| Language code of text/sound track or separate title | eng |
| 082 ## - DEWEY DECIMAL CLASSIFICATION NUMBER | |
| Classification number | 621.395 |
| Item number | LIU |
| 100 ## - MAIN ENTRY--PERSONAL NAME | |
| Personal name | Liu K.J.R. |
| 245 ## - TITLE STATEMENT | |
| Title | High-Performance VLSI Signal Processing Innovative Architectures And Algorithms Vol.2 |
| Remainder of title | System Design And Applications |
| 260 ## - PUBLICATION, DISTRIBUTION, ETC. (IMPRINT) | |
| Date of publication, distribution, etc. | 1998 |
| Name of publisher, distributor, etc. | IEE Press |
| 300 ## - PHYSICAL DESCRIPTION | |
| Extent | 681 |
| Accompanying material [OBSOLETE, CAN/MARC] | Ref 1140 E ME (32393) |
| 365 ## - TRADE PRICE | |
| Currency code | Rs. |
| Price amount | 8448.00 |
| 700 ## - ADDED ENTRY--PERSONAL NAME | |
| Personal name | Liu K.J.R. & Yao K. |
| 906 ## - LOCAL DATA ELEMENT F, LDF (RLIN) | |
| d | B:740719-Jan-2009 |
| c | ME ETC |
| b | 1689.6 |
| Withdrawn status | Lost status | Source of classification or shelving scheme | Reference No | Damaged status | Not for loan | Home library | Current library | Date acquired | Vendor | Budget Code | Cost, normal purchase price | Bill number | Full call number | Barcode | Date last seen | Discount | Cost, replacement price | Bill Date | Koha item type | Original Barcode |
|---|---|---|---|---|---|---|---|---|---|---|---|---|---|---|---|---|---|---|---|---|
| Dewey Decimal Classification | Ref 1140 E M. Tech. (32393) | Reference | Cummins College of Engineering for Women Pune | Cummins College of Engineering for Women Pune | 20/03/2009 | Technical Book Services | ME ETC | 6758.40 | 7407 | 621.395 | CCEP-BK-32393 | 18/07/2023 | 1689.6 | 8448.00 | 19/01/2009 | Books | 032393 |